[Event "Tuzla"]
[Site "Tuzla"]
[Date "1983.??.??"]
[Round "1"]
[White "Palos, Osman"]
[Black "Hulak, Krunoslav"]
[Result "0-1"]
[WhiteElo "2350"]
[BlackElo "2530"]

1.e4 c5 2.Nf3 d6 3.Bb5+ Bd7 4.Bxd7+ Nxd7 5.d4 cxd4 6.Qxd4 Ngf6 7.Nc3 g6 8.O-O Bg7
9.Bg5 h6 10.Be3 O-O 11.Qd2 Ng4 12.Bf4 Kh7 13.h3 Nge5 14.Nxe5 Nxe5 15.Bxe5 Bxe5
16.Ne2 Qc8 17.c3 Qc4 18.f4 Bf6 19.Qe3 b6 20.Kh1 Rac8 21.Ng1 Rc5 22.Nf3 Bg7
23.Nd2 Qe6 24.Qd3 Qd7 25.Nb3 Rc7 26.f5 Rcc8 27.Nd4 Bf6 28.Ne2 Be5 29.Rf3 g5
30.Nd4 Qa4 31.f6 e6 32.Rff1 Qc4 33.Qf3 Bxd4 34.cxd4 Qxd4 35.Qa3 Rc2 36.Qxa7 Qxb2
37.Rab1 Qxa2 38.Qxb6 Rxg2 39.Qxd6 Rd8 40.Qc7 Rd7  0-1

[Event "Tuzla"]
[Site "Tuzla"]
[Date "1983.??.??"]
[Round "4"]
[White "Hazai, Laszlo"]
[Black "Hulak, Krunoslav"]
[Result "1/2-1/2"]
[WhiteElo "2475"]
[BlackElo "2530"]

1.e4 c5 2.Nf3 d6 3.Bb5+ Bd7 4.Bxd7+ Nxd7 5.O-O Ngf6 6.Qe2 e6 7.b3 Be7 8.Bb2 O-O
9.c4 a6 10.d4 cxd4 11.Nxd4 Qa5 12.Nc3 Rfc8 13.Rac1 Rab8 14.Kh1 g6 15.f4 Re8
16.Rce1 e5 17.Nc2 exf4 18.Rxf4 Nh5 19.Rff1 Bf6 20.Qf3 Ne5 21.Qh3 Bg7 22.Rd1  1/2-1/2

[Event "Tuzla"]
[Site "Tuzla"]
[Date "1983.??.??"]
[Round "10"]
[White "Palos, Osman"]
[Black "Robatsch, Karl"]
[Result "0-1"]
[WhiteElo "2350"]
[BlackElo "2420"]

1.e4 c5 2.Nf3 d6 3.Bb5+ Bd7 4.Bxd7+ Nxd7 5.O-O Ngf6 6.Re1 e6 7.h3 Be7 8.d3 O-O
9.a4 Nb8 10.Nbd2 Nc6 11.Nf1 Re8 12.Ng3 Rc8 13.Bd2 Qb6 14.Bc3 d5 15.b3 Rcd8
16.e5 Nd7 17.h4 Qc7 18.Qe2 f6 19.exf6 Bxf6 20.Bxf6 Nxf6 21.Ne5 Nd4 22.Qd1 Qa5
23.h5 Qc3 24.Rc1 Nf5 25.Qf3 Nxg3 26.fxg3 Rf8 27.Qe2 Qd4+ 28.Kh2 Qxe5 29.Qxe5 Ng4+
30.Kh3 Nxe5 31.Rxe5 Rd6 32.Re2 Kf7 33.g4 Ke7 34.Kg3 Kd7 35.Rce1 Rc6 36.Re5 Rd6
37.Rg5 Rf7 38.Rh1 h6 39.Re5 c4 40.d4 cxb3 41.cxb3 Rc6 42.Rhe1 Rc3+ 43.R5e3 Rxe3+
44.Rxe3 Kd6 45.Rf3 Rf6 46.Rc3 Rf8 47.b4 Re8 48.Kf3 e5 49.dxe5+ Rxe5 50.Rc8 Kd7
51.Rc5 b6 52.Rc1 Re4 53.Rb1 Kd6 54.a5 b5 55.a6 Ke5 56.Rc1 Rc4 57.Re1+ Re4
58.Rc1 Rf4+ 59.Kg3 Rc4 60.Rf1 Rc3+ 61.Kh4 Rc7 62.Rf8 d4 63.Rf5+ Ke4 64.Rxb5 d3
65.Rb7 d2 66.Rxc7 d1=Q 67.Re7+ Kf4 68.Rf7+ Ke3 69.b5 Qd5 70.Rf3+ Ke2 71.b6 Qd8+
72.g5 Qxg5+ 73.Kh3 Qxh5+ 74.Kg3 Qe5+ 75.Kh4 Qd4+  0-1

[Event "Varna"]
[Site "Varna"]
[Date "1983.??.??"]
[Round "2"]
[White "Atanasov, Petko"]
[Black "Lukov, Valentin"]
[Result "0-1"]
[WhiteElo "2400"]
[BlackElo "2430"]

1.e4 c5 2.Nf3 d6 3.Bb5+ Bd7 4.Bxd7+ Qxd7 5.O-O Nc6 6.c3 Nf6 7.Re1 e6 8.d3 Be7
9.Nbd2 O-O 10.Nf1 Ne5 11.Bf4 Ng6 12.Bd2 Qb5 13.Qc2 Rac8 14.d4 cxd4 15.Nxd4 Qc4
16.Ne3 Qc5 17.Rad1 Bd8 18.Bc1 Bb6 19.Qb3 Rfd8 20.Kh1 e5 21.Ndf5 Nxe4 22.Ng4 d5
23.Rxe4 dxe4 24.Ngh6+ gxh6 25.Nxh6+ Kh8 26.Nxf7+ Kg7 27.Bh6+ Kf6 28.Bg5+ Kg7
29.Nxd8 Rxd8 30.Bxd8 Bxd8 31.Rxd8 Qxf2 32.Qd1 e3 33.Qg1 e4 34.Rd1 Ne5 35.Re1 Ng4
36.g3 Qd2 37.Rf1 Nf2+ 38.Kg2 Nd1+ 39.Kh3 e2 40.Re1 Ne3 41.g4 Nc2 42.Qg3 Nxe1
43.Qe5+ Kf7 44.Qf5+ Ke7 45.Qe5+ Kd7 46.Qf5+ Kd6 47.Qf8+ Kc6 48.Qc8+ Kb6 49.Qe6+ Kc7
50.Qc4+ Kd6 51.Qb4+ Ke5 52.Qe7+ Kf4 53.Qc7+ Ke3  0-1

[Event "Varna"]
[Site "Varna"]
[Date "1983.??.??"]
[Round "3"]
[White "Cabrilo, Goran"]
[Black "Lalev, Dimitar"]
[Result "1/2-1/2"]
[WhiteElo "2445"]
[BlackElo "2385"]

1.e4 c5 2.Nf3 d6 3.Bb5+ Bd7 4.Bxd7+ Qxd7 5.O-O Nc6 6.c3 Nf6 7.Qe2 e6 8.d4 cxd4
9.cxd4 d5 10.e5 Ne4 11.Be3 Be7 12.Ne1 f5 13.Nd3 O-O 14.f3 Ng5 15.Nc3 Rfc8
16.Qd2 Nf7 17.Ne2 b6 18.Rac1 Na5 19.b3 Ba3 20.Rxc8+ Rxc8 21.Nc3 Rc7  1/2-1/2

[Event "Warsaw"]
[Site "Warsaw"]
[Date "1983.??.??"]
[Round "15"]
[White "Sydor, Andrzej"]
[Black "Spassov, Liuben"]
[Result "1/2-1/2"]
[WhiteElo "2405"]
[BlackElo "2460"]

1.e4 c5 2.Nf3 d6 3.Bb5+ Bd7 4.Bxd7+ Qxd7 5.O-O Nc6 6.c4 e5 7.Nc3 g6 8.d3 Bg7
9.Ne1 Nge7 10.f4 exf4 11.Bxf4 O-O 12.Nf3 Nd4 13.Qd2  1/2-1/2

[Event "Robert Silk Young Masters"]
[Site "London"]
[Date "1984.07.17"]
[Round "3"]
[White "Horner, Jeff"]
[Black "Rayner, Emmanuel"]
[Result "1/2-1/2"]
[WhiteElo "2390"]
[BlackElo "2325"]

1.e4 c5 2.Nf3 d6 3.Bb5+ Bd7 4.Bxd7+ Qxd7 5.O-O Nc6 6.c3 e6 7.d4 d5 8.exd5 Qxd5
9.Be3 Rd8 10.Qa4 Bd6 11.c4 Qf5 12.Nc3 cxd4 13.Nxd4 Qh5 14.h3 Ne7 15.Nxc6 Nxc6
16.Qb5 Qe5 17.g3 Qxb5 18.cxb5 Ne5 19.Bxa7 Nc4 20.Ne4 Be5 21.Rac1 Nxb2 22.Bb6 Rb8
23.f4 Bf6 24.Nxf6+ gxf6 25.Bd4 Nd3 26.Rc3 Nb4 27.Bxf6 O-O 28.Rb3 Nd5 29.Bb2 Ra8
30.a3 Rfc8 31.Rf2 Ra4 32.f5 Rac4 33.fxe6 fxe6 34.Rbf3 Rc2 35.Be5 Rxf2 36.Rxf2 Ra8
37.Bd6 Ra5 38.Rb2 Kf7 39.Rb3 Kf6 40.Kf2 e5 41.Bc5 Ke6 42.Be3 Nc7 43.b6 Nd5
44.g4 Ra4 45.Kg3 Ra6 46.Kf3 Ra4  1/2-1/2

[Event "Aars"]
[Site "Aars"]
[Date "1984.??.??"]
[Round "2"]
[White "Kristensen, Jorgen Juul"]
[Black "Christensen, Bent"]
[Result "1/2-1/2"]
[WhiteElo "2200"]
[BlackElo "2200"]

1.e4 c5 2.Nf3 d6 3.Bb5+ Bd7 4.Bxd7+ Qxd7 5.c4 Nc6 6.d4 cxd4 7.Nxd4 Nf6 8.Nc3 g6
9.O-O Bg7 10.Nc2 O-O 11.f3 Rfd8 12.Be3 b6 13.Qd2 Rac8 14.Rac1 Qb7 15.b3 a6
16.Nd5 Nd7 17.Nd4 Nf6 18.Rfd1 Nxd5 19.Nxc6 Rxc6 20.exd5 Rcc8 21.b4 Ra8 22.Rb1 Rab8
23.h4 Qc8 24.Qd3 Qf5 25.Qxf5 gxf5 26.Kf2 Rdc8 27.Rdc1 e6 28.Ke2 b5 29.dxe6 fxe6
30.c5 dxc5 31.bxc5 Rc6 32.g4  1/2-1/2

[Event "FRG-ch"]
[Site "Bad Neuenahr"]
[Date "1984.??.??"]
[Round "?"]
[White "Wiemer, Ralf"]
[Black "Hartmann, Wolfram"]
[Result "1-0"]
[WhiteElo "2285"]
[BlackElo "2315"]

1.e4 c5 2.Nf3 d6 3.Bb5+ Nd7 4.d4 Nf6 5.Nc3 a6 6.Bxd7+ Nxd7 7.O-O e6 8.Bg5 Qa5
9.Qd2 f6 10.Be3 Be7 11.dxc5 dxc5 12.e5 f5 13.Rad1 h6 14.Qe2 O-O 15.Qc4 Nb8
16.a4 Nc6 17.h4 Nb4 18.Rd2 b5 19.axb5 axb5 20.Nxb5 Nd5 21.Rxd5 exd5 22.Qxd5+ Kh7
23.Nd6 Bxd6 24.exd6 c4 25.Qxa5 Rxa5 26.Rd1 Bd7 27.Rd4 Rc8 28.Bd2 Rb5 29.Bc3 g6
30.Rd1 Re8 31.Ra1 Rd5 32.Ne5 Rxd6 33.Nxc4 Rc6 34.Ra7 Re7 35.Bb4 Rg7 36.Bf8 Rf7
37.Ne5 Rxc2 38.Nxf7 Kg8 39.Bxh6 Kxf7 40.Rxd7+  1-0

[Event "FRG-ch"]
[Site "Bad Neuenahr"]
[Date "1984.??.??"]
[Round "?"]
[White "Wiemer, Ralf"]
[Black "Ostermeyer, Peter"]
[Result "0-1"]
[WhiteElo "2285"]
[BlackElo "2460"]

1.e4 c5 2.Nf3 d6 3.Bb5+ Bd7 4.Bxd7+ Qxd7 5.O-O Nc6 6.c3 Nf6 7.d4 cxd4 8.cxd4 d5
9.e5 Ne4 10.Ne1 h6 11.Be3 e6 12.Nd3 Be7 13.f3 Ng5 14.Nc3 O-O 15.Rc1 f6 16.exf6 Bxf6
17.Re1 Qf7 18.Nf2 Qg6 19.Kh1 Rac8 20.Qd2 Nf7 21.Ng4 Bd8 22.Qe2 h5 23.Nf2 Bf6
24.Red1 Rfe8 25.Qc2 Qxc2 26.Rxc2 Nd6 27.Ne2 Nc4 28.Bc1 Nb4 29.Rc3 Nxa2 30.Rb3 Na5
31.Ra3 Nxc1 32.Nxc1 Bxd4 33.Nfd3 Nc4 34.Rb3 b6 35.Ne2 Bf6 36.Nef4 h4 37.Ra1 a5
38.Re1 Kf7 39.Rb5 g5 40.Ne2 a4  0-1

[Event "Berlin op"]
[Site "Berlin-West"]
[Date "1984.??.??"]
[Round "2"]
[White "Sharif, Mershad"]
[Black "Syska, Albert"]
[Result "1-0"]
[WhiteElo "2410"]
[BlackElo "2275"]

1.e4 c5 2.Nf3 d6 3.Bb5+ Bd7 4.Bxd7+ Qxd7 5.O-O Nc6 6.c3 Nf6 7.d4 e5 8.dxe5 dxe5
9.Qe2 O-O-O 10.Na3 h6 11.Nc4 Qe6 12.a4 Bd6 13.a5 Bc7 14.Nfd2 g6 15.Nb3 Qe7
16.f3 Nd7 17.Ne3 Qe6 18.Nd5 Ne7 19.Nxe7+ Qxe7 20.Qc4 Qe6 21.Qxe6 fxe6 22.Be3 b6
23.axb6 axb6 24.Nd2 Kb7 25.b4 cxb4 26.cxb4 Nb8 27.b5 Rd3 28.Kf2 Rhd8 29.Ke2 g5
30.Rfc1 R3d7 31.Rc2 Rg8 32.Rca2 g4 33.fxg4 Rxg4 34.g3 h5 35.Ra7+ Kc8 36.Rc1 Kd8
37.Rcxc7 Rxc7 38.Bxb6 Rg7 39.Nc4  1-0

[Event "Berlin op"]
[Site "Berlin-West"]
[Date "1984.??.??"]
[Round "4"]
[White "Bilek, Istvan"]
[Black "Schussler, Harry"]
[Result "1/2-1/2"]
[WhiteElo "2410"]
[BlackElo "2465"]

1.e4 c5 2.Nf3 d6 3.Bb5+ Nc6 4.O-O Bd7 5.d4 cxd4 6.Nxd4 Nf6 7.Nc3 e6 8.Be3 Be7
9.f4 Qc7 10.Kh1 O-O 11.Bd3 a6 12.Nxc6 Bxc6 13.a4 b5 14.axb5 axb5 15.Rxa8 Rxa8
16.Bxb5 Bxb5 17.Nxb5 Qc4 18.Nc3 Nxe4 19.Nxe4 Qxe4 20.Bd4 d5 21.Kg1 Rc8 22.c3 Bf8
23.Qd2 g6 24.Re1 Qf5 25.Ra1 Bh6 26.Be3 Qe4 27.Re1 Ra8 28.g3 Qc4 29.Bd4 Bg7
30.Bxg7 Kxg7 31.Qe3 Kg8 32.Kf2 Qb3 33.Qd2 Ra2 34.Re2 Qb6+ 35.Kg2 Ra1 36.Rf2 Qb7
37.Qd4 Rb1 38.b4 Qb5 39.g4 Re1 40.g5 Re4 41.Qf6 Qb8 42.Kg3 Rc4 43.Ra2 Rc8
44.Qd4 Qb5 45.Rf2 Qa4 46.Rf3 Qa1 47.Kg2 Qb2+ 48.Qf2 Qb1 49.Qd4 Ra8 50.Qe5 Qd1
51.h3 Rc8 52.Rf2 Qd3 53.Rf3 Qd2+ 54.Kg3 Rd8 55.Rf2 Qd1 56.Kg2 Qd3 57.Rf3 Qc4
58.Qf6 Qe2+ 59.Kg3 Qe1+ 60.Kg2 Ra8 61.Rf2 Rc8 62.Rf3 Qe2+ 63.Rf2 Qe4+ 64.Rf3 Ra8
65.Qe5 Ra2+ 66.Kg3 Qxe5 67.fxe5 Re2 68.Rf2 Rxe5 69.Rb2 Kf8 70.b5 Re3+ 71.Kf4 Re4+
72.Kf3 Rc4 73.b6 Rc8 74.b7 Rb8 75.Kf4 Ke7 76.Ke5 Kd7 77.Rf2 Ke7 78.Rb2 Kd7  1/2-1/2

[Event "Bor"]
[Site "Bor"]
[Date "1984.??.??"]
[Round "?"]
[White "Abramovic, Bosko"]
[Black "De Firmian, Nick E"]
[Result "1/2-1/2"]
[WhiteElo "2480"]
[BlackElo "2475"]

1.e4 c5 2.Nf3 d6 3.Bb5+ Bd7 4.Bxd7+ Qxd7 5.O-O Nc6 6.c3 Nf6 7.Re1 e6 8.d3 Be7
9.Bg5 h6 10.Bxf6 Bxf6 11.d4 cxd4 12.cxd4 O-O 13.Nc3 d5 14.e5 Be7 15.Ne2 f6
16.exf6 Rxf6 17.Ne5 Nxe5 18.dxe5 Rf7 19.Nc1 Bc5 20.Nd3 Bb6 21.Qb3 Raf8 22.Re2 Qe7
23.Rf1 Qh4 24.a3 Qg4 25.Qd1 Rf5 26.Rc2 Qh4 27.g3 Qh3 28.Kh1 g5 29.f4 gxf4
30.Nxf4 Be3 31.Rf3 Bxf4 32.gxf4 Qh4 33.Rg3+  1/2-1/2

[Event "Brighton zt"]
[Site "Brighton"]
[Date "1984.??.??"]
[Round "?"]
[White "Chandler, Murray G"]
[Black "Mestel, A Jonathan"]
[Result "1/2-1/2"]
[WhiteElo "2540"]
[BlackElo "2545"]

1.e4 c5 2.Nf3 d6 3.Bb5+ Nd7 4.d4 Nf6 5.Nc3 cxd4 6.Qxd4 e5 7.Qd3 h6 8.Be3 Be7
9.Bc4 O-O 10.O-O Nb6 11.Bb3 Be6 12.Nh4 Rc8 13.Ng6 Re8 14.Rfd1 Nc4 15.Bxc4 Rxc4
16.Nxe7+ Rxe7 17.Qxd6 Qxd6 18.Rxd6 Nxe4 19.Nxe4 Rxe4 20.b3 a6 21.c4 Rg4 22.Rad1 Rg6
23.Rd8+ Kh7 24.Bc5 Rc7 25.Bd6 Rd7 26.Bxe5 Rxd1+ 27.Rxd1 Bg4 28.Rd4 Bf3 29.Bg3 Bc6
30.f3 Re6 31.Kf2 g5 32.Bd6 Kg6 33.Rd2 h5 34.Bc5 Kf5 35.a4 g4 36.Be3 gxf3
37.gxf3 Rf6 38.Rd3 Kg6 39.Bc5 Rf5 40.Be7 Re5 41.Bd6 Re6 42.Bg3 Re7 43.Bd6 Rd7
44.c5 Rd8 45.Rd1 f6 46.Re1 Re8 47.Rg1+ Kf7 48.Rd1 Re6 49.Bf4 Re7 50.Rd3 Re8
51.Bd6  1/2-1/2

[Event "Brighton zt"]
[Site "Brighton"]
[Date "1984.??.??"]
[Round "?"]
[White "Plaskett, Jim"]
[Black "Chandler, Murray G"]
[Result "1-0"]
[WhiteElo "2470"]
[BlackElo "2540"]

1.e4 c5 2.Nf3 d6 3.Bb5+ Nc6 4.O-O Bd7 5.c3 Nf6 6.Re1 a6 7.Ba4 c4 8.Bc2 g6
9.Na3 b5 10.b3 cxb3 11.Bxb3 Bg7 12.d4 O-O 13.e5 dxe5 14.dxe5 Ne8 15.Nc2 Nc7
16.Ncd4 Na5 17.Bg5 Rc8 18.Qd2 Nc4 19.Bxc4 bxc4 20.Re4 Ne6 21.Bh6 Bc6 22.Bxg7 Bxe4
23.Nxe6 fxe6 24.Bxf8 Qxf8 25.Nd4 Bd5 26.h4 Rb8 27.f3 Qg7 28.Re1 h6 29.Kf2 Kh7
30.Qc2 Qf7 31.g3 Kg7 32.Rb1 Qe8 33.g4 Qf8 34.h5 gxh5 35.gxh5 Rxb1 36.Qxb1 Qf4
37.Qg6+ Kf8 38.Nxe6+ Bxe6 39.Qxe6 Qd2+ 40.Kg3 Qe1+ 41.Kg4 Qg1+ 42.Kf5 Qb1+
43.Kg4 Qg1+ 44.Kf5 Qb1+ 45.Kf4 Qc1+ 46.Ke4 Qxc3 47.Qxh6+ Kg8 48.Qg5+ Kf8
49.Qh6+ Kg8 50.Qg5+ Kf8 51.Qf4+ Kg8 52.Kd5 Qd3+ 53.Ke6 c3 54.Qg4+ Kh7 55.Kxe7 Kh6
56.f4 Qh7+ 57.Kd6 Qe4 58.Qg5+ Kh7 59.Ke7 c2 60.Kf6 Qc6+ 61.e6 Qc3+ 62.Kf7 Qc7+
63.e7 Qc4+ 64.Kf8 Qc8+ 65.Kf7 Qc4+ 66.Kf8 Qc8+ 67.e8=Q Qxe8+ 68.Kxe8 c1=Q
69.Qf5+ Kg7 70.Qe5+ Kg8 71.h6 Qc8+ 72.Ke7 Qb7+ 73.Kf6  1-0

[Event "BCF-ch"]
[Site "Brighton"]
[Date "1984.??.??"]
[Round "2"]
[White "Plaskett, Jim"]
[Black "Baker, Chris W"]
[Result "1-0"]
[WhiteElo "2470"]
[BlackElo "2235"]

1.Nf3 c5 2.e4 d6 3.Bb5+ Nd7 4.O-O Nf6 5.Re1 a6 6.Bf1 e6 7.c3 Be7 8.d4 O-O
9.a4 b6 10.e5 Nd5 11.Bd3 cxd4 12.exd6 Bxd6 13.cxd4 Nb4 14.Be4 Ra7 15.Nc3 h6
16.Bb1 Bb7 17.Ne5 Bxe5 18.dxe5 Qh4 19.Re3 Nc5 20.Rh3 Qc4 21.Bxh6 gxh6 22.Rg3+ Kh8
23.Rg4 Be4 24.Qd2  1-0

[Event "BCF-ch"]
[Site "Brighton"]
[Date "1984.??.??"]
[Round "2"]
[White "Prettejohn, M."]
[Black "Conquest, Stuart"]
[Result "0-1"]
[WhiteElo "2145"]
[BlackElo "2300"]

1.e4 c5 2.Nf3 d6 3.Bb5+ Nd7 4.d4 Nf6 5.Nc3 cxd4 6.Qxd4 e5 7.Qd3 h6 8.Be3 Be7
9.h3 O-O 10.Bc4 Kh8 11.g4 b5 12.Bxb5 Bb7 13.Bxd7 Qxd7 14.O-O-O Rac8 15.Nd2 Rxc3
16.bxc3 d5 17.exd5 Ba3+ 18.Kb1 Bxd5 19.Nb3 Qc6 20.Rhg1 Be4 21.Qd2 Nd5 22.Ka1 Nxc3
23.g5 h5 24.f4 Bb4 25.Qd7 Qa6 26.Nc1 Nxa2 27.Nxa2 Bc3+ 28.Kb1 Rb8+ 29.Kc1 Qa3+  0-1

[Event "BCF-ch"]
[Site "Brighton"]
[Date "1984.??.??"]
[Round "4"]
[White "Prettejohn, M."]
[Black "Watts, David"]
[Result "1/2-1/2"]
[WhiteElo "2145"]
[BlackElo "2240"]

1.e4 c5 2.Nf3 d6 3.Bb5+ Bd7 4.Bxd7+ Nxd7 5.c4 Ngf6 6.Nc3 g6 7.d4 cxd4 8.Nxd4 Bg7
9.O-O O-O 10.Be3 a6 11.Rc1 Qa5 12.f3 Rfc8 13.Nb3 Qb4 14.a3 Qxc4 15.Nd5 Nxd5
16.Rxc4 Nxe3 17.Rxc8+ Rxc8 18.Qe2 Nxf1 19.Kxf1 Nb6 20.Qe3 Rc6 21.Na5 Nc4
22.Nxc4 Rxc4 23.b3 Rc5 24.b4 Rc3 25.Qa7 Be5 26.a4  1/2-1/2

[Event "BCF-ch"]
[Site "Brighton"]
[Date "1984.??.??"]
[Round "4"]
[White "Plaskett, Jim"]
[Black "Levene, Mark"]
[Result "1-0"]
[WhiteElo "2470"]
[BlackElo "2205"]

1.Nf3 c5 2.e4 d6 3.Bb5+ Nd7 4.c3 Nf6 5.Qe2 g6 6.d4 a6 7.Ba4 b5 8.Bc2 e5 9.a4 Rb8
10.O-O Bg7 11.Rd1 Qc7 12.axb5 axb5 13.Na3 Qb6 14.dxe5 dxe5 15.c4 b4 16.Nb5 O-O
17.Rd6 Qd8 18.Nxe5 Nxe5 19.Rxd8 Rxd8 20.Bf4 Nh5 21.Bg5 f6 22.Be3 Bg4 23.f3 Be6
24.b3 f5 25.exf5 Bxf5 26.Bxf5 gxf5 27.Rd1 Bf8 28.Rxd8 Rxd8 29.Bg5 Be7 30.Bxe7 Nf4
31.Qxe5 Rd1+ 32.Kf2 Nd3+ 33.Ke2 Re1+ 34.Kxd3 Rxe5 35.Bd6  1-0

[Event "BCF-ch"]
[Site "Brighton"]
[Date "1984.??.??"]
[Round "8"]
[White "Lawton, Geoffrey W"]
[Black "Watson, William N"]
[Result "0-1"]
[WhiteElo "2385"]
[BlackElo "2450"]

1.e4 c5 2.Nf3 d6 3.Bb5+ Bd7 4.Bxd7+ Qxd7 5.O-O Nf6 6.Qe2 Nc6 7.c3 e6 8.d4 cxd4
9.cxd4 d5 10.e5 Ne4 11.Be3 Be7 12.Ne1 f6 13.f3 Ng5 14.Qd2 Nf7 15.f4 f5 16.Nd3 b6
17.Nc3 O-O-O 18.Ne1 h6 19.Nf3 g5 20.g3 g4 21.Nh4 Bxh4 22.gxh4 h5 23.Rfc1 Kb8
24.Ne2 Rh7 25.Bf2 Nh8 26.Rc2 Ng6 27.Nc1 Rc8 28.Nd3 Qd8 29.Qe1 Rhc7 30.Kf1 Nce7
31.Rxc7 Qxc7 32.Rc1 Qd7 33.Qd2 Rxc1+ 34.Nxc1 Qb5+ 35.Ke1 Nc6 36.Nd3 a5 37.Nc1 a4
38.Nd3 Qc4 39.Qc3 Kb7 40.Kd2 Nge7 41.b3 Qa6 42.Qc2 Qa5+ 43.Qc3 Qb5 44.Kc2 Nc8
45.Be3 N8a7 46.Bf2 Qa6 47.Kb2 axb3 48.axb3 Ka8 49.Kc2 Qc8 50.Kd2 Kb7 51.Nb4 Qf8
52.Nc2 Na5 53.Qd3 Qh6 54.Be3 Qf8 55.Kc1 Qe7 56.Bf2 N5c6 57.Be1 Qd8 58.Kb2 b5
59.Qc3 Qb6 60.Bf2 b4 61.Qd3 Nb5 62.Be3 Qa5 63.Bd2 Na3 64.Nxa3 Qxa3+ 65.Kb1 Kc7
66.Bc1 Qa7 67.Bb2 Kb7 68.Qb5+ Qb6 69.Qd3 Qa6 70.Qd1 Ne7 71.Qc2 Qf1+ 72.Ka2 Qa6+
73.Kb1 Qf1+ 74.Bc1 Nc6 75.Qc5 Qd3+ 76.Ka2 Qc3 77.Qxc3 bxc3 78.Be3 Nb4+ 79.Kb1 Kc6
80.Kc1 Kb5 81.Kd1 Nc6 82.Kc2 Kb4 83.Bf2 Na5  0-1

[Event "BCF-ch"]
[Site "Brighton"]
[Date "1984.??.??"]
[Round "10"]
[White "Prettejohn, M."]
[Black "Levene, Mark"]
[Result "1/2-1/2"]
[WhiteElo "2145"]
[BlackElo "2205"]

1.e4 c5 2.Nf3 d6 3.Bb5+ Nd7 4.O-O Nf6 5.Re1 a6 6.Bf1 g6 7.c3 Bg7 8.d4 O-O
9.e5 dxe5 10.dxe5 Ng4 11.Bf4 f6 12.exf6 exf6 13.Bd6 Re8 14.Rxe8+ Qxe8 15.Na3 Nde5
16.Bxc5 Nxf3+ 17.gxf3 Ne5 18.Nc4 Be6 19.Nxe5 fxe5 20.Qe2 Qc6 21.Qe3 Bd5 22.Rd1 b5
23.b3 Rc8 24.Bb4 Bxf3 25.Rd6 Qb7 26.Bh3 Re8 27.Rd7 Qc6 28.Rd6 Qb7 29.Rd7 Qc6  1/2-1/2

[Event "BCF-ch"]
[Site "Brighton"]
[Date "1984.??.??"]
[Round "11"]
[White "Short, Nigel D"]
[Black "Chandler, Murray G"]
[Result "1/2-1/2"]
[WhiteElo "2510"]
[BlackElo "2540"]

1.e4 c5 2.Nf3 d6 3.Bb5+ Bd7 4.Bxd7+ Qxd7 5.O-O e6 6.c3 Nf6 7.Qe2 Nc6 8.d4 cxd4
9.cxd4 d5 10.e5 Ne4 11.Nbd2 Nxd2 12.Bxd2 Be7 13.Rac1 O-O 14.Rc2 Rac8 15.Rfc1 a6
16.g3 Rfe8 17.Qd3 h6 18.Kg2 Na7 19.Ng1 b5 20.Ne2 Rxc2 21.Rxc2 Rc8 22.f4 Rc4
23.b3 Rxc2 24.Qxc2 b4 25.g4 Nb5 26.h3 Na3 27.Qd3 Qc6 28.Ng1 a5 29.Nf3 Bd8
30.Kf2 Nb5 31.Ke1 Bb6 32.h4 Na3  1/2-1/2

[Event "Politiken Cup"]
[Site "Copenhagen"]
[Date "1984.??.??"]
[Round "2"]
[White "Horvath, Tamas"]
[Black "Gallagher, Joseph G"]
[Result "1/2-1/2"]
[WhiteElo "2440"]
[BlackElo "2260"]

1.e4 c5 2.Nf3 d6 3.Bb5+ Bd7 4.Bxd7+ Qxd7 5.c4 e5 6.O-O Nc6 7.Nc3 Nge7 8.a3 g6
9.Rb1 Bg7 10.b4 O-O 11.d3 Nd4 12.bxc5 dxc5 13.Nxd4 cxd4 14.Nd5 Nxd5 15.exd5 Rfe8
16.Re1 Bf8 17.Qb3 b6 18.Rb2 Bd6 19.Rbe2 Rab8 20.a4 Kg7 21.Bb2 Kg8 22.Qb5 Qf5
23.Re4 Rf8 24.Qb3 Qd7 25.Ba3 Rfe8 26.Bxd6 Qxd6 27.f4 f6 28.Qd1 Rb7 29.Qf3 Rbe7
30.f5 gxf5 31.Qxf5 Rg7 32.Rxd4 Qb4 33.Rde4 Qxa4 34.Qxf6 Rf8 35.Qxe5 Qc2 36.R4e2 Qxd3
37.Qe6+ Kh8 38.Qe4 Qxe4 39.Rxe4 Rc7 40.g4 Rfc8 41.Re8+ Rxe8 42.Rxe8+ Kg7
43.Re4 a5 44.Kf2 a4 45.Ke3 a3 46.Kd4 a2 47.Re1 Ra7 48.Ra1 Kf6 49.Kc3 Ke5
50.Kb3 b5 51.cxb5 Ra5 52.Kb4 Ra8 53.Kb3 Ra5 54.Kb4 Ra8 55.Kc5 Rc8+ 56.Kb6 Kxd5
57.Rxa2 Rb8+ 58.Kc7 Rxb5 59.Rf2  1/2-1/2

[Event "DDR-ch 33th"]
[Site "Eilenburg"]
[Date "1984.??.??"]
[Round "4"]
[White "Rossmann, Helmut"]
[Black "Womacka, Mathias"]
[Result "1/2-1/2"]
[WhiteElo "2355"]
[BlackElo "2200"]

1.e4 c5 2.Nf3 d6 3.Bb5+ Bd7 4.Bxd7+ Qxd7 5.O-O Nf6 6.e5 dxe5 7.Nxe5 Qc8 8.Qf3 e6
9.d3 Be7 10.Nc3 O-O 11.Bf4 Nfd7 12.Nc4 Nc6 13.Rfe1 Nd4 14.Qd1 b5 15.Ne5 Bf6  1/2-1/2

[Event "DDR-ch 33th"]
[Site "Eilenburg"]
[Date "1984.??.??"]
[Round "4"]
[White "Pfretzschner, Roland"]
[Black "Tischbierek, Raj"]
[Result "1-0"]
[WhiteElo "2200"]
[BlackElo "2450"]

1.e4 c5 2.Nf3 d6 3.Bb5+ Bd7 4.Bxd7+ Qxd7 5.O-O Nc6 6.c3 Nf6 7.d4 Nxe4 8.d5 Ne5
9.Re1 Nxf3+ 10.Qxf3 Nf6 11.Na3 O-O-O 12.Bg5 h6 13.Bxf6 gxf6 14.c4 Rg8 15.Qc3 f5
16.Nb5 Kb8 17.a4 f4 18.f3 Rg6 19.Qd2 e5 20.b4 cxb4 21.Qf2 b6 22.a5 e4 23.axb6 e3
24.Qa2 b3 25.Qxb3  1-0

[Event "Bundesliga 8384"]
[Site "Germany"]
[Date "1984.??.??"]
[Round "?"]
[White "Roevekamp, Frank"]
[Black "Mevel, Alberic"]
[Result "1/2-1/2"]
[WhiteElo "2325"]
[BlackElo "2320"]

1.e4 c5 2.Nf3 d6 3.Bb5+ Bd7 4.Bxd7+ Qxd7 5.O-O Nc6 6.c3 d5 7.exd5 Qxd5 8.d4 e6
9.Qe2 Nf6 10.Rd1 cxd4 11.cxd4 Be7 12.Nc3 Qd6 13.Bg5 Nd5 14.Qb5 Bxg5 15.Nxg5 O-O
16.Qd3 g6 17.Qh3 h5 18.Qf3 Rad8 19.Nge4 Qf4 20.Qxf4 Nxf4 21.d5 exd5 22.Nf6+ Kg7
23.Nfxd5 Nxd5 24.Nxd5 Rd6 25.Kf1 Rfd8 26.Nc3 Rd2 27.Rab1 Ne5 28.Ke1 Rxd1+
29.Rxd1 Rxd1+ 30.Nxd1  1/2-1/2

[Event "Bundesliga 8384"]
[Site "Germany"]
[Date "1984.??.??"]
[Round "?"]
[White "Mevel, Alberic"]
[Black "Krieger, Hermann"]
[Result "1/2-1/2"]
[WhiteElo "2320"]
[BlackElo "2220"]

1.e4 c5 2.Nf3 d6 3.Bb5+ Bd7 4.Bxd7+ Qxd7 5.O-O Nc6 6.c3 Nf6 7.d4 Nxe4 8.d5 Ne5
9.Re1 Nf6 10.Bf4 Ng6 11.Bg5 h6 12.Bxf6 gxf6 13.Nbd2 h5 14.Nc4 Bh6 15.Qb3 Kf8
16.Ne3 Bxe3 17.fxe3 Rg8 18.Rf1 Rb8 19.Rf2 b5 20.Qc2 Qg4 21.b3 h4 22.h3 Qh5
23.Qd3 Rb6 24.Raf1 Ke8 25.Nd2 Kd8 26.Rf5  1/2-1/2

[Event "Bundesliga 8384"]
[Site "Germany"]
[Date "1984.??.??"]
[Round "?"]
[White "Mevel, Alberic"]
[Black "Kestler, Hans Guenther"]
[Result "1/2-1/2"]
[WhiteElo "2320"]
[BlackElo "2405"]

1.e4 c5 2.Nf3 d6 3.Bb5+ Bd7 4.Bxd7+ Qxd7 5.O-O Nc6 6.c3 Nf6 7.d4 cxd4 8.cxd4 d5
9.e5 Ne4 10.Ne1 h6 11.f3 Ng5 12.Be3 e6 13.Nd3 Be7 14.Nc3 O-O 15.Qd2 Rac8
16.Nf4 Bb4 17.Nh5 Qe7 18.Qf2 Kh8 19.f4 Nh7 20.f5 exf5 21.Nxd5 Qd7 22.Nxb4 Nxb4
23.a3 Nd5 24.Nf4 Nxe3 25.Qxe3 g5 26.Nh5 f4 27.Qe4 Rfd8 28.Rac1 Qb5 29.b4 Rxc1
30.Rxc1 Qb6 31.Rd1 Qg6 32.Qe2 Qf5 33.h3 Nf8 34.Nf6 Ng6 35.Rd2 Re8 36.Qe4 Nh4
37.d5 Kg7 38.d6 Qxe4 39.Nxe4 Ng6 40.d7 Rd8 41.Nf6 Kf8 42.Ng4 h5 43.Nf6 Ke7
44.Ne4 Rxd7 45.Rxd7+ Kxd7 46.Nxg5 Nxe5 47.Ne4 Ke6 48.Kf2 Nc4 49.a4 Kf5 50.Nc3 Ke5
51.Ke2 Ne3 52.Kf3 Nc2 53.b5 Ne1+ 54.Kf2 Nd3+ 55.Kf3 Nc5 56.h4 Ne6 57.Ne2 Kf5
58.g3 fxg3 59.Nxg3+ Kg6 60.Ne4 Nd4+ 61.Kg3 Nf5+ 62.Kh3 f6 63.Nf2 Nd4 64.Ne4 Nf5
65.Nc3 Kg7 66.Nd5 Kf7 67.Nf4 Ng7 68.Kg3 Ke7 69.Kf3 Kd6 70.Ke4 f5+ 71.Kd3 Ne6
72.Nxh5 Ke5 73.Ng3 Kf4 74.Nf1 Kf3 75.Ne3 f4 76.Nc4 Kg4 77.Ke4 Nc5+ 78.Ke5 f3
79.Ne3+ Kxh4 80.Kf4 f2 81.Kf3 Nxa4 82.Kxf2 Nc3 83.Nc4 Nxb5 84.Kf3 b6 85.Ke3 Kg3
86.Ke4 Kf2 87.Kd5 Nc3+ 88.Kc6 b5 89.Na5 Ke3 90.Kb7 Kd3 91.Kxa7 b4  1/2-1/2

[Event "Bundesliga 8384"]
[Site "Germany"]
[Date "1984.??.??"]
[Round "?"]
[White "Wiemer, Ralf"]
[Black "Seppeur, Reinhold"]
[Result "1/2-1/2"]
[WhiteElo "2285"]
[BlackElo "2310"]

1.e4 c5 2.Nf3 d6 3.Bb5+ Nc6 4.O-O Bd7 5.c3 Nf6 6.Re1 a6 7.Bxc6 Bxc6 8.d4 Bxe4
9.Bg5 Bd5 10.Nbd2 e6 11.c4 Bxf3 12.Qxf3 cxd4 13.Qxb7 Be7 14.Qc6+ Nd7 15.Bxe7 Kxe7
16.Nf3 Qb6 17.Qe4 Nf6 18.Qd3 Rhc8 19.Nxd4 Kf8 20.b3 Rc5 21.Rad1 d5 22.Nc2 dxc4
23.bxc4 Rac8 24.Ne3 h6 25.Rb1 Qc7 26.Red1 Kg8 27.h3 Qf4 28.Qd6 Qxd6 29.Rxd6 Ra5
30.Rdb6 Ra8 31.R1b2 Kf8 32.Rc6 Ra7  1/2-1/2

[Event "Hamburg op"]
[Site "Hamburg"]
[Date "1984.??.??"]
[Round "4"]
[White "Juergensen, Michael"]
[Black "Cordes, Hans Joerg"]
[Result "0-1"]
[WhiteElo "2250"]
[BlackElo "2275"]

1.e4 c5 2.Nf3 d6 3.Bb5+ Bd7 4.Bxd7+ Qxd7 5.O-O e6 6.b3 Nc6 7.Bb2 Nf6 8.d3 Be7
9.Nbd2 O-O 10.Qe2 d5 11.Ne5 Qc7 12.f4 Nd4 13.Bxd4 cxd4 14.a3 Rac8 15.Ra2 b5
16.b4 a5 17.g4 dxe4 18.dxe4 axb4 19.axb4 Bxb4 20.g5 Bxd2 21.gxf6 Bxf4 22.Ng4 e5
23.Qxb5 Qc4 24.Qxc4 Rxc4 25.Rb1 h5 26.fxg7 Kxg7 27.Nf2 Be3 28.Kf1 Bxf2 29.Kxf2 Rfc8
30.Rg1+ Kh7 31.Rg5 Rxc2+ 32.Rxc2 Rxc2+ 33.Ke1 f6 34.Rxh5+ Kg6 35.Rh3 Kg5
36.Kd1 Rg2 37.Rh8 Kf4 38.Rf8 Rxh2 39.Rxf6+ Kxe4 40.Rg6 Kf3 41.Re6 e4 42.Rf6+ Ke3
43.Rg6 d3 44.Rg3+ Kd4 45.Rg8 Rh1+ 46.Kd2 e3+  0-1